000 00495nam a22001817a 4500
005 20250704145822.0
010 _aENG-145693
020 _a9789392210662
_c649.00
035 _aEN-129225
037 _bDBAD
082 _aN
_21
100 _aTolstoy, Leo
_982607
245 _aAnna Karenina/
_cLeo Tolstoy
260 _aChandigarh
_bThe Browser
_c2025
270 _bChandigarh
_aSCO 14-15, Sector 8-C
_e160009
_mservice@thebrowser.org
300 _a1012p.
_c20cm(pb)
942 _2ddc
_cEN
_hN
_mTOL
999 _c212103
_d212103